| 000 | 00877nam a2200241Ia 4500 | ||
|---|---|---|---|
| 003 | OSt | ||
| 005 | 20221005105402.0 | ||
| 006 | a|||||r|||| 00| 0 | ||
| 007 | ta | ||
| 008 | 221004b |||||||| |||| 00| 0 hin d | ||
| 024 | _a114189 | ||
| 037 | _cTextual | ||
| 040 |
_aCRL _cCRL _bhin |
||
| 041 |
_2hin _ahin |
||
| 082 | _aXs281.P11, 152Q1 | ||
| 245 | 0 | _aदिल्ली सांख्यिकीय पुस्तिका, अर्थ एवं सांख्किीय निदेशालय | |
| 246 | _aDillī sāankhyikīya pustikā, artha evan sāankhkiīya nideshālaya | ||
| 260 |
_aनई दिल्ली _bदिल्ल्ी सरकार भारत _c2011 |
||
| 300 |
_a370पृ0 _ccm. |
||
| 650 | _aअर्थशास्त्र | ||
| 942 |
_hXs281.P11, 152Q1 _cTEXL _2cc |
||
| 999 |
_c1015668 _d1015668 |
||